| 000 | 00739nam a22002297a 4500 | ||
|---|---|---|---|
| 003 | OSt | ||
| 005 | 20260220060458.0 | ||
| 008 | 260220b |||||||| |||| 00| 0 eng d | ||
| 020 | _a9781847875501 | ||
| 040 |
_aDWCL-Main Lib _cOC |
||
| 082 | _aProf. 361.06 G315 2009 | ||
| 100 | _aGeldard, David / Geldard, Kathryn | ||
| 245 | _aRelationship counselling for children, young people, and families | ||
| 260 |
_aLos Angeles : _bSage, _cc2009. |
||
| 300 |
_aviii , 262 pages. : _billustrations ; _c23 cm. |
||
| 504 | _a1. Includes bibliographical references. | ||
| 650 | _aCounseling - Family. | ||
| 650 | _aCounseling - Methods. | ||
| 650 | _aFamily - Relations. | ||
| 650 | _aTeenagers - Treatment. | ||
| 942 |
_2ddc _cPROF. _mProf. _n0 |
||
| 999 |
_c8466 _d8466 |
||